| 000 | 01040nam a22002657a 4500 | ||
|---|---|---|---|
| 001 | BD-DhSAU 9192 | ||
| 003 | BD-DhSAU | ||
| 005 | 20190409125758.0 | ||
| 008 | 150613b2013 bg a|||| m||| 00| 0 eng d | ||
| 040 | _aBD-DhSAU | ||
| 082 |
_222 _a630 _bK5273 |
||
| 100 |
_aKhan, Md. Ibrahim Khalil _eRegistration # 06-01903 |
||
| 245 |
_aInfluence of seed source and storage condition on growth and yield of wheat / _bMS thesis _cMd. Ibrahim Khalil Khan |
||
| 260 |
_aSher-e-Bangla Agricultural University : _bDepartment of Agronomy, _c2013. |
||
| 300 |
_aviii, 65 p. : _bill. ; _c30 cm. |
||
| 500 | _aMS thesis of Department of Agronomy, Faculty of Agriculture, Sher-e-Bangla Agricultural University, Dhaka, Bangladesh | ||
| 504 | _aIncludes bibliographical reference. | ||
| 590 | _aJerin | ||
| 650 | _aAgronomy | ||
| 650 | _awheat | ||
| 700 |
_aAmin, A. K. M. Ruhul _eSuperviser |
||
| 700 |
_aKarim, Md. Fazlul _eCo-superviser |
||
| 856 |
_y _uhttp://10.10.0.126:8080/xmlui/handle/123456789/2350 |
||
| 942 |
_2ddc _cTHESIS |
||
| 999 |
_c9192 _d9192 |
||